[Event "European Women's Chess Club Cup 2023"]
[Site "Durres, Albania"]
[Date "2023.10.06"]
[Round "6.5"]
[White "Ushenina, Anna"]
[Black "Batsiashvili, Nino"]
[Result "0-1"]
[TimeControl "90' + 30' & 30\""]
[WhiteElo "2434"]
[BlackElo "2475"]

1. d4 {[%clk 01:30:40]} {[%emt 00:00:19]} d5 {[%clk 01:30:57]} {[%emt
00:00:04]} 2. c4 {[%clk 01:30:18]} {[%emt 00:00:52]} e6 {[%clk 01:31:21]}
{[%emt 00:00:06]} 3. Nc3 {[%clk 01:29:50]} {[%emt 00:00:58]} Nf6 {[%clk
01:31:44]} {[%emt 00:00:07]} 4. Bg5 {[%clk 01:29:32]} {[%emt 00:00:47]} Be7
{[%clk 01:29:21]} {[%emt 00:02:53]} 5. e3 {[%clk 01:29:23]} {[%emt 00:00:40]}
h6 {[%clk 01:29:44]} {[%emt 00:00:06]} 6. Bxf6 {[%clk 01:28:31]} {[%emt
00:01:23]} Bxf6 {[%clk 01:29:56]} {[%emt 00:00:17]} 7. Nf3 {[%clk 01:28:25]}
{[%emt 00:00:35]} O-O {[%clk 01:28:24]} {[%emt 00:02:03]} 8. Rc1 {[%clk
01:27:51]} {[%emt 00:01:04]} b6 {[%clk 01:23:25]} {[%emt 00:05:28]} 9. cxd5
{[%clk 01:21:32]} {[%emt 00:06:50]} exd5 {[%clk 01:23:51]} {[%emt 00:00:04]} 10.
Bd3 {[%clk 01:16:31]} {[%emt 00:05:31]} Bb7 {[%clk 01:16:11]} {[%emt 00:08:09]}
11. O-O {[%clk 00:54:22]} {[%emt 00:22:39]} c5 {[%clk 01:12:44]} {[%emt
00:03:57]} 12. Bb1 {[%clk 00:39:45]} {[%emt 00:15:07]} Nd7 {[%clk 01:09:46]}
{[%emt 00:03:28]} 13. Qc2 {[%clk 00:33:45]} {[%emt 00:06:31]} g6 {[%clk
01:09:54]} {[%emt 00:00:21]} 14. Rfd1 {[%clk 00:34:03]} {[%emt 00:00:13]} Rc8
{[%clk 01:04:41]} {[%emt 00:05:42]} 15. Qd2 {[%clk 00:28:15]} {[%emt 00:06:18]}
Bg7 {[%clk 00:56:36]} {[%emt 00:08:36]} 16. Nb5 {[%clk 00:27:01]} {[%emt
00:01:44]} Ra8 {[%clk 00:39:25]} {[%emt 00:17:40]} 17. Nc3 {[%clk 00:17:25]}
{[%emt 00:10:07]} Nf6 {[%clk 00:31:04]} {[%emt 00:08:50]} 18. dxc5 {[%clk
00:13:15]} {[%emt 00:04:40]} bxc5 {[%clk 00:31:26]} {[%emt 00:00:08]} 19. Na4
{[%clk 00:13:39]} {[%emt 00:00:06]} c4 {[%clk 00:27:22]} {[%emt 00:04:33]} 20.
Nd4 {[%clk 00:09:14]} {[%emt 00:04:55]} Qe7 {[%clk 00:24:23]} {[%emt 00:03:29]}
21. b3 {[%clk 00:08:06]} {[%emt 00:01:39]} Rac8 {[%clk 00:24:33]} {[%emt
00:00:20]} 22. Qa5 {[%clk 00:07:19]} {[%emt 00:01:18]} Ng4 {[%clk 00:22:07]}
{[%emt 00:02:55]} 23. h3 {[%clk 00:04:41]} {[%emt 00:03:07]} Nxe3 {[%clk
00:20:21]} {[%emt 00:02:17]} 24. Qe1 {[%clk 00:05:10]} {[%emt 00:00:01]} Nf5
{[%clk 00:19:24]} {[%emt 00:01:27]} 25. Bxf5 {[%clk 00:01:41]} {[%emt
00:03:59]} Qxe1+ {[%clk 00:19:23]} {[%emt 00:00:31]} 26. Rxe1 {[%clk 00:02:11]}
{[%emt 00:00:01]} gxf5 {[%clk 00:18:59]} {[%emt 00:00:53]} 27. Nxf5 {[%clk
00:02:32]} {[%emt 00:00:09]} Rc7 {[%clk 00:14:32]} {[%emt 00:04:57]} 28. Nxg7
{[%clk 00:02:23]} {[%emt 00:00:39]} Kxg7 {[%clk 00:15:01]} 29. f3 {[%clk
00:00:46]} {[%emt 00:02:07]} Rfc8 {[%clk 00:14:45]} {[%emt 00:00:46]} 30. Kf2
{[%clk 00:00:46]} {[%emt 00:00:31]} Bc6 {[%clk 00:11:45]} {[%emt 00:03:30]} 31.
Nc3 {[%clk 00:00:34]} {[%emt 00:00:41]} d4 {[%clk 00:10:55]} {[%emt 00:01:20]}
32. Ne4 {[%clk 00:01:03]} {[%emt 00:00:01]} c3 {[%clk 00:09:41]} {[%emt
00:01:44]} 33. Red1 {[%clk 00:00:58]} {[%emt 00:00:34]} Rd7 {[%clk 00:07:24]}
{[%emt 00:02:48]} 34. Nc5 {[%clk 00:00:40]} {[%emt 00:00:48]} Rd5 {[%clk
00:07:08]} {[%emt 00:00:46]} 35. Nd3 {[%clk 00:00:50]} {[%emt 00:00:20]} a5
{[%clk 00:06:00]} {[%emt 00:01:38]} 36. Nf4 {[%clk 00:00:45]} {[%emt 00:00:35]}
Rd7 {[%clk 00:06:28]} {[%emt 00:00:01]} 37. Nd3 {[%emt 00:00:42]} Bb5 {[%clk
00:06:04]} {[%emt 00:00:53]} 38. a3 {[%clk 00:00:35]} {[%emt 00:00:30]} c2
{[%clk 00:05:23]} {[%emt 00:01:11]} 39. Rd2 {[%clk 00:01:03]} {[%emt 00:00:02]}
Rc3 {[%clk 00:05:47]} {[%emt 00:00:05]} 40. Nf4 {[%clk 00:00:36]} {[%emt
00:00:57]} d3 {[%clk 00:06:02]} {[%emt 00:00:15]} 41. a4 {[%clk 00:00:44]}
{[%emt 00:00:23]} Ba6 {[%clk 00:06:08]} {[%emt 00:00:23]} 42. Nh5+ {[%clk
00:24:35]} {[%emt 00:06:39]} Kg6 {[%clk 00:36:10]} {[%emt 00:00:28]} 43. g4
{[%clk 00:24:58]} {[%emt 00:00:08]} Rxb3 {[%emt 00:02:48]} 44. f4 {[%clk
00:24:15]} {[%emt 00:01:12]} f5 {[%clk 00:34:02]} {[%emt 00:00:20]} 45. Rcxc2
{[%clk 00:22:18]} {[%emt 00:02:27]} dxc2 {[%clk 00:32:35]} {[%emt 00:01:57]} 46.
Rxd7 {[%clk 00:22:41]} {[%emt 00:00:08]} Rb7 {[%clk 00:33:03]} {[%emt
00:00:02]} 47. Rd6+ {[%clk 00:21:45]} {[%emt 00:01:26]} Kf7 {[%clk 00:33:19]}
{[%emt 00:00:14]} 48. Rc6 {[%clk 00:20:49]} {[%emt 00:01:25]} Bd3 {[%clk
00:33:41]} {[%emt 00:00:08]} 49. g5 {[%clk 00:17:25]} {[%emt 00:03:55]} hxg5
{[%clk 00:23:03]} {[%emt 00:11:08]} 50. fxg5 {[%clk 00:17:47]} {[%emt
00:00:07]} Ke7 {[%clk 00:20:31]} {[%emt 00:03:03]} 51. g6 {[%clk 00:08:46]}
{[%emt 00:09:30]} Be4 {[%clk 00:14:28]} {[%emt 00:06:33]} 52. Rc4 {[%clk
00:00:45]} {[%emt 00:08:31]} Rb4 {[%clk 00:14:43]} {[%emt 00:00:15]} 53. Rc8
{[%clk 00:00:35]} {[%emt 00:00:40]} Rb8 {[%clk 00:14:45]} {[%emt 00:00:28]} 54.
Rc4 {[%clk 00:00:56]} {[%emt 00:00:08]} Bd3 {[%clk 00:13:04]} {[%emt 00:02:12]}
55. Rc3 {[%clk 00:00:56]} {[%emt 00:00:30]} Rb2 {[%clk 00:11:59]} {[%emt
00:01:35]} 56. Ke3 {[%clk 00:01:19]} {[%emt 00:00:07]} Rb3 {[%clk 00:12:25]}
{[%emt 00:00:04]} 57. Rc7+ {[%clk 00:01:15]} {[%emt 00:00:34]} Kd6 {[%clk
00:12:48]} {[%emt 00:00:07]} 58. Rxc2 {[%emt 00:01:14]} Bxc2+ {[%clk 00:13:13]}
{[%emt 00:00:03]} 59. Kf4 {[%clk 00:00:53]} {[%emt 00:00:09]} Rxh3 {[%clk
00:11:54]} {[%emt 00:01:50]} 60. g7 {[%clk 00:00:47]} {[%emt 00:00:37]} Rh4+
{[%clk 00:12:08]} {[%emt 00:00:15]} 61. Kg5 {[%clk 00:00:57]} {[%emt 00:00:20]}
Rg4+ {[%clk 00:12:31]} {[%emt 00:00:06]} 62. Kf6 {[%clk 00:00:40]} {[%emt
00:00:48]} Bxa4 {[%clk 00:12:47]} {[%emt 00:00:15]} 63. Kxf5 {[%clk 00:00:36]}
{[%emt 00:00:33]} Bd7+ {[%clk 00:13:10]} {[%emt 00:00:07]} 64. Kf6 {[%clk
00:00:57]} {[%emt 00:00:09]} a4 {[%clk 00:13:20]} {[%emt 00:00:20]} 65. Kf7
{[%clk 00:01:12]} {[%emt 00:00:14]} Be6+ {[%clk 00:13:35]} {[%emt 00:00:16]} 66.
Kf8 {[%clk 00:01:19]} {[%emt 00:00:23]} a3 {[%clk 00:13:49]} {[%emt 00:00:17]}
67. Nf6 {[%clk 00:01:37]} {[%emt 00:00:12]} Rf4 {[%clk 00:13:44]} {[%emt
00:00:34]} 0-1

[Event "European Women's Chess Club Cup 2023"]
[Site "Durres, Albania"]
[Date "2023.10.06"]
[Round "6.6"]
[White "Wagner, Dinara"]
[Black "Javakhishvili, Lela"]
[Result "1-0"]
[TimeControl "90' + 30' & 30\""]
[WhiteElo "2461"]
[BlackElo "2437"]

1. d4 {[%clk 01:30:53]} {[%emt 00:00:07]} Nf6 {[%clk 01:30:55]} {[%emt
00:00:05]} 2. c4 {[%clk 01:31:19]} {[%emt 00:00:05]} e6 {[%clk 01:31:19]}
{[%emt 00:00:05]} 3. Nc3 {[%clk 01:31:35]} {[%emt 00:00:13]} Bb4 {[%clk
01:30:23]} {[%emt 00:01:26]} 4. e3 {[%clk 01:31:56]} {[%emt 00:00:09]} O-O
{[%clk 01:30:32]} {[%emt 00:00:22]} 5. Bd3 {[%clk 01:32:21]} {[%emt 00:00:05]}
d5 {[%clk 01:30:01]} {[%emt 00:01:01]} 6. a3 {[%clk 01:32:39]} {[%emt
00:00:12]} dxc4 {[%clk 01:30:25]} {[%emt 00:00:06]} 7. Bxh7+ {[%clk 01:32:58]}
{[%emt 00:00:11]} Nxh7 {[%clk 01:30:38]} {[%emt 00:00:16]} 8. axb4 {[%clk
01:33:25]} {[%emt 00:00:03]} Nc6 {[%clk 01:30:53]} {[%emt 00:00:16]} 9. b5
{[%clk 01:33:39]} {[%emt 00:00:16]} Nb4 {[%clk 01:31:00]} {[%emt 00:00:23]} 10.
Nf3 {[%clk 01:33:59]} {[%emt 00:00:10]} Nd3+ {[%clk 01:30:35]} {[%emt
00:00:55]} 11. Kf1 {[%clk 01:34:24]} {[%emt 00:00:05]} a6 {[%clk 01:26:29]}
{[%emt 00:04:36]} 12. b3 {[%clk 01:28:17]} {[%emt 00:06:38]} e5 {[%clk
01:21:46]} {[%emt 00:05:12]} 13. bxc4 {[%clk 01:23:58]} {[%emt 00:04:48]} exd4
{[%clk 01:21:38]} {[%emt 00:00:38]} 14. Qxd3 {[%clk 01:10:35]} {[%emt
00:13:53]} dxc3 {[%clk 01:21:57]} {[%emt 00:00:12]} 15. Qxc3 {[%clk 01:11:00]}
{[%emt 00:00:05]} Qd1+ {[%clk 01:20:34]} {[%emt 00:01:52]} 16. Ne1 {[%clk
01:10:54]} {[%emt 00:00:37]} Be6 {[%clk 01:12:38]} {[%emt 00:08:26]} 17. f3
{[%clk 00:50:50]} {[%emt 00:20:35]} Qd7 {[%clk 01:09:46]} {[%emt 00:03:21]} 18.
Bb2 {[%clk 00:50:22]} {[%emt 00:00:59]} f6 {[%clk 01:07:52]} {[%emt 00:02:24]}
19. bxa6 {[%clk 00:44:33]} {[%emt 00:06:18]} b5 {[%clk 01:00:47]} {[%emt
00:07:34]} 20. Kf2 {[%clk 00:26:58]} {[%emt 00:18:06]} Rfd8 {[%clk 00:48:09]}
{[%emt 00:13:07]} 21. cxb5 {[%clk 00:20:39]} {[%emt 00:06:51]} Qd2+ {[%clk
00:43:46]} {[%emt 00:04:52]} 22. Kg3 {[%clk 00:20:45]} {[%emt 00:00:25]} Qd6+
{[%clk 00:43:08]} {[%emt 00:01:07]} 23. Kf2 {[%clk 00:21:03]} {[%emt 00:00:13]}
Qd2+ {[%clk 00:43:00]} {[%emt 00:00:37]} 24. Kg3 {[%clk 00:17:12]} {[%emt
00:04:22]} Qd6+ {[%clk 00:31:53]} {[%emt 00:11:36]} 25. f4 {[%clk 00:17:40]}
{[%emt 00:00:02]} Ng5 {[%clk 00:30:07]} {[%emt 00:02:16]} 26. Qd4 {[%clk
00:11:58]} {[%emt 00:06:12]} Bd5 {[%clk 00:30:35]} {[%emt 00:00:02]} 27. Ba3
{[%clk 00:07:41]} {[%emt 00:04:48]} c5 {[%clk 00:30:35]} {[%emt 00:00:29]} 28.
Bxc5 {[%clk 00:05:04]} {[%emt 00:03:07]} Qxc5 {[%clk 00:28:40]} {[%emt
00:02:25]} 29. fxg5 {[%clk 00:05:30]} {[%emt 00:00:04]} Qxb5 {[%clk 00:28:55]}
{[%emt 00:00:14]} 30. gxf6 {[%clk 00:03:40]} {[%emt 00:02:22]} Bf7 {[%clk
00:24:35]} {[%emt 00:04:49]} 31. Qf4 {[%clk 00:00:38]} {[%emt 00:03:32]} g5
{[%clk 00:25:03]} {[%emt 00:00:02]} 32. Qc7 {[%clk 00:00:45]} {[%emt 00:00:23]}
Re8 {[%clk 00:13:34]} {[%emt 00:11:59]} 33. Nf3 {[%clk 00:01:04]} {[%emt
00:00:12]} Rxa6 {[%clk 00:12:02]} {[%emt 00:02:02]} 34. Rhb1 {[%clk 00:00:55]}
{[%emt 00:00:38]} Qd3 {[%clk 00:12:28]} {[%emt 00:00:04]} 35. Rxa6 {[%clk
00:00:54]} {[%emt 00:00:32]} Qxa6 {[%clk 00:12:54]} {[%emt 00:00:03]} 36. Rb6
{[%clk 00:01:02]} {[%emt 00:00:23]} Qd3 {[%clk 00:11:17]} {[%emt 00:02:07]} 37.
Qc5 {[%clk 00:01:08]} {[%emt 00:00:24]} Qxe3 {[%clk 00:09:08]} {[%emt
00:02:39]} 38. Qxg5+ {[%clk 00:01:15]} {[%emt 00:00:23]} Qxg5+ {[%clk
00:09:36]} {[%emt 00:00:01]} 39. Nxg5 {[%clk 00:01:43]} {[%emt 00:00:03]} Bd5
{[%clk 00:10:01]} {[%emt 00:00:04]} 40. Rd6 {[%clk 00:01:54]} {[%emt 00:00:20]}
Bb3 {[%clk 00:10:02]} {[%emt 00:00:29]} 41. Rd7 {[%clk 00:02:08]} {[%emt
00:00:15]} Rc8 {[%clk 00:09:46]} {[%emt 00:00:46]} 42. Rg7+ {[%clk 00:02:34]}
{[%emt 00:00:04]} 1-0

[Event "European Women's Chess Club Cup 2023"]
[Site "Durres, Albania"]
[Date "2023.10.06"]
[Round "6.7"]
[White "Daulyte-Cornette, Deimante"]
[Black "Bulmaga, Irina"]
[Result "0-1"]
[TimeControl "90' + 30' & 30\""]
[WhiteElo "2360"]
[BlackElo "2423"]

1. e4 {[%clk 01:30:54]} {[%emt 00:00:06]} e5 {[%clk 01:30:52]} {[%emt
00:00:08]} 2. Nf3 {[%clk 01:31:16]} {[%emt 00:00:08]} Nc6 {[%clk 01:31:15]}
{[%emt 00:00:08]} 3. Bb5 {[%clk 01:31:38]} {[%emt 00:00:08]} a6 {[%clk
01:31:30]} {[%emt 00:00:14]} 4. Ba4 {[%clk 01:32:01]} {[%emt 00:00:08]} Nf6
{[%clk 01:31:40]} {[%emt 00:00:19]} 5. O-O {[%clk 01:32:11]} {[%emt 00:00:20]}
Be7 {[%clk 01:31:14]} {[%emt 00:00:55]} 6. d3 {[%clk 01:32:25]} {[%emt
00:00:17]} b5 {[%clk 01:30:55]} {[%emt 00:00:49]} 7. Bb3 {[%clk 01:32:49]}
{[%emt 00:00:07]} O-O {[%clk 01:30:59]} {[%emt 00:00:25]} 8. a4 {[%clk
01:32:48]} {[%emt 00:00:31]} b4 {[%clk 01:30:07]} {[%emt 00:01:23]} 9. a5
{[%clk 01:32:48]} {[%emt 00:00:29]} d6 {[%clk 01:29:23]} {[%emt 00:01:13]} 10.
Nbd2 {[%clk 01:32:35]} {[%emt 00:00:44]} Be6 {[%clk 01:25:26]} {[%emt
00:04:27]} 11. Nc4 {[%clk 01:32:48]} {[%emt 00:00:17]} Rb8 {[%clk 01:19:58]}
{[%emt 00:05:58]} 12. c3 {[%clk 01:31:21]} {[%emt 00:01:56]} Qc8 {[%clk
01:18:49]} {[%emt 00:01:40]} 13. Re1 {[%clk 01:24:18]} {[%emt 00:07:33]} Qb7
{[%clk 01:17:03]} {[%emt 00:02:16]} 14. Bc2 {[%emt 00:09:56]} b3 {[%clk
01:00:47]} {[%emt 00:09:14]} 15. Bb1 {[%emt 00:04:17]} Nxe4 {[%clk 00:49:36]}
{[%emt 00:07:43]} 16. Rxe4 {[%clk 01:17:33]} {[%emt 00:05:33]} d5 {[%clk
00:49:44]} {[%emt 00:00:21]} 17. Re1 {[%clk 01:16:18]} {[%emt 00:01:45]} dxc4
{[%clk 00:49:47]} {[%emt 00:00:26]} 18. dxc4 {[%clk 01:05:07]} {[%emt
00:11:42]} Bxc4 {[%clk 00:48:33]} {[%emt 00:01:44]} 19. Nxe5 {[%clk 00:58:06]}
{[%emt 00:07:31]} Nxe5 {[%clk 00:47:47]} {[%emt 00:01:16]} 20. Qh5 {[%clk
00:37:20]} {[%emt 00:21:17]} f5 {[%emt 00:13:00]} 21. Rxe5 {[%clk 00:36:33]}
{[%emt 00:00:21]} g6 {[%clk 00:35:46]} {[%emt 00:00:55]} 22. Qh3 {[%clk
00:30:53]} {[%emt 00:06:10]} Bf6 {[%emt 00:08:34]} 23. Re1 {[%clk 00:20:09]}
{[%emt 00:07:31]} Rbe8 {[%emt 00:00:50]} 24. Be3 {[%clk 00:18:10]} {[%emt
00:01:45]} f4 {[%clk 00:30:49]} {[%emt 00:01:30]} 25. Qg4 {[%clk 00:15:28]}
{[%emt 00:03:13]} Bg7 {[%clk 00:28:15]} {[%emt 00:03:03]} 26. Bd2 {[%clk
00:13:52]} {[%emt 00:02:07]} Qd5 {[%clk 00:20:00]} {[%emt 00:08:44]} 27. Qd1
{[%clk 00:06:07]} {[%emt 00:08:15]} Rd8 {[%clk 00:19:47]} {[%emt 00:00:43]} 28.
Ra4 {[%clk 00:06:26]} {[%emt 00:00:12]} Bb5 {[%clk 00:18:45]} {[%emt 00:01:32]}
29. c4 {[%clk 00:04:10]} {[%emt 00:02:46]} Bxc4 {[%clk 00:19:00]} {[%emt
00:00:15]} 30. Be4 {[%clk 00:04:36]} {[%emt 00:00:04]} Qf7 {[%clk 00:15:03]}
{[%emt 00:04:26]} 31. Qc1 {[%clk 00:04:38]} {[%emt 00:00:29]} Bb5 {[%emt
00:00:46]} 32. Ra1 {[%emt 00:08:44]} Bd4 {[%clk 00:06:26]} {[%emt 00:01:00]} 33.
Bc3 {[%clk 00:02:42]} {[%emt 00:02:02]} c5 {[%clk 00:06:54]} {[%emt 00:00:02]}
34. Bxd4 {[%clk 00:01:42]} {[%emt 00:01:30]} cxd4 {[%clk 00:07:18]} {[%emt
00:00:06]} 35. Qd2 {[%clk 00:02:04]} {[%emt 00:00:08]} d3 {[%clk 00:06:43]}
{[%emt 00:01:05]} 36. Rac1 {[%clk 00:01:55]} {[%emt 00:00:40]} Rd6 {[%clk
00:03:31]} {[%emt 00:03:42]} 37. Rc3 {[%clk 00:02:09]} {[%emt 00:00:15]} Re8
{[%clk 00:02:44]} {[%emt 00:01:17]} 38. f3 {[%clk 00:01:27]} {[%emt 00:01:13]}
Red8 {[%clk 00:01:16]} {[%emt 00:01:58]} 39. Kh1 {[%clk 00:00:59]} {[%emt
00:00:57]} Kg7 {[%clk 00:00:59]} {[%emt 00:00:47]} 40. Rec1 {[%emt 00:00:36]}
R8d7 {[%clk 00:00:44]} {[%emt 00:00:27]} 41. Rc5 {[%clk 00:25:59]} {[%emt
00:05:43]} Qf6 {[%clk 00:24:23]} {[%emt 00:06:51]} 42. R5c3 {[%clk 00:24:52]}
{[%emt 00:01:36]} Qd4 {[%clk 00:17:05]} {[%emt 00:07:48]} 43. h3 {[%clk
00:15:14]} {[%emt 00:10:08]} Qe3 {[%clk 00:16:42]} {[%emt 00:00:52]} 44. Rd1
{[%clk 00:15:41]} {[%emt 00:00:04]} Qe2 {[%clk 00:10:14]} {[%emt 00:06:57]} 45.
Rcc1 {[%clk 00:14:38]} {[%emt 00:01:34]} Qxd2 {[%clk 00:09:42]} {[%emt
00:01:03]} 46. Rxd2 {[%clk 00:15:04]} {[%emt 00:00:04]} Rd4 {[%clk 00:09:33]}
{[%emt 00:00:38]} 47. Rc3 {[%clk 00:13:13]} {[%emt 00:02:22]} Bc4 {[%clk
00:08:00]} {[%emt 00:02:03]} 48. Kg1 {[%clk 00:11:50]} {[%emt 00:01:52]} Kf6
{[%clk 00:07:07]} {[%emt 00:01:22]} 49. Bc6 {[%clk 00:11:18]} {[%emt 00:01:03]}
Re7 {[%clk 00:06:47]} {[%emt 00:00:50]} 50. Be4 {[%clk 00:11:37]} {[%emt
00:00:12]} Re5 {[%clk 00:05:47]} {[%emt 00:01:29]} 51. Kf2 {[%clk 00:03:47]}
{[%emt 00:08:21]} Rxa5 {[%clk 00:06:15]} {[%emt 00:00:02]} 52. Bxd3 {[%clk
00:04:06]} {[%emt 00:00:10]} Rad5 {[%clk 00:04:47]} {[%emt 00:01:57]} 53. Ke2
{[%clk 00:04:20]} {[%emt 00:00:17]} Bb5 {[%clk 00:04:57]} {[%emt 00:00:20]} 54.
Rxb3 {[%clk 00:04:21]} {[%emt 00:00:30]} Re5+ {[%clk 00:05:13]} {[%emt
00:00:13]} 55. Kf1 {[%clk 00:03:33]} {[%emt 00:01:19]} Re3 {[%clk 00:05:02]}
{[%emt 00:00:40]} 56. Bxb5 {[%clk 00:03:49]} {[%emt 00:00:14]} Rxd2 {[%clk
00:05:25]} {[%emt 00:00:07]} 57. Rxe3 {[%clk 00:04:04]} {[%emt 00:00:16]} fxe3
{[%clk 00:05:49]} {[%emt 00:00:05]} 58. Bxa6 {[%clk 00:04:32]} {[%emt
00:00:02]} Rf2+ {[%clk 00:06:03]} {[%emt 00:00:16]} 59. Kg1 {[%clk 00:04:37]}
{[%emt 00:00:26]} Rxb2 {[%clk 00:06:26]} {[%emt 00:00:07]} 60. h4 {[%clk
00:04:30]} {[%emt 00:00:36]} Ke5 {[%clk 00:06:39]} {[%emt 00:00:17]} 0-1

[Event "European Women's Chess Club Cup 2023"]
[Site "Durres, Albania"]
[Date "2023.10.06"]
[Round "6.8"]
[White "Efroimski, Marsel"]
[Black "Zhukova, Natalia"]
[Result "1/2-1/2"]
[TimeControl "90' + 30' & 30\""]
[WhiteElo "2447"]
[BlackElo "2303"]

1. e4 {[%clk 01:30:59]} e5 {[%clk 01:30:35]} {[%emt 00:00:25]} 2. Nf3 {[%clk
01:31:26]} {[%emt 00:00:03]} Nc6 {[%clk 01:30:55]} {[%emt 00:00:10]} 3. Bb5
{[%clk 01:31:53]} {[%emt 00:00:04]} a6 {[%clk 01:31:15]} {[%emt 00:00:09]} 4.
Ba4 {[%clk 01:32:20]} {[%emt 00:00:04]} g6 {[%clk 01:31:25]} {[%emt 00:00:20]}
5. Nc3 {[%clk 01:23:55]} {[%emt 00:08:55]} Bg7 {[%clk 01:31:25]} {[%emt
00:00:29]} 6. Nd5 {[%clk 01:09:14]} {[%emt 00:15:12]} Nge7 {[%clk 01:29:43]}
{[%emt 00:02:11]} 7. d3 {[%clk 01:09:00]} {[%emt 00:00:44]} Nxd5 {[%clk
01:23:29]} {[%emt 00:06:44]} 8. exd5 {[%clk 01:09:28]} {[%emt 00:00:02]} Ne7
{[%clk 01:23:48]} {[%emt 00:00:11]} 9. Qe2 {[%clk 01:08:37]} {[%emt 00:01:21]}
O-O {[%emt 00:04:48]} 10. Bb3 {[%clk 01:03:30]} {[%emt 00:04:55]} d6 {[%clk
01:19:10]} {[%emt 00:01:32]} 11. a4 {[%emt 00:07:37]} b6 {[%clk 01:11:16]}
{[%emt 00:01:23]} 12. O-O {[%clk 01:03:31]} {[%emt 00:00:23]} Bb7 {[%clk
01:11:39]} {[%emt 00:00:07]} 13. c4 {[%clk 01:03:57]} {[%emt 00:00:05]} c6
{[%clk 00:55:28]} {[%emt 00:16:40]} 14. dxc6 {[%clk 01:04:16]} {[%emt
00:00:11]} Bxc6 {[%clk 00:55:33]} {[%emt 00:00:26]} 15. Bd2 {[%clk 00:58:16]}
{[%emt 00:06:30]} Nf5 {[%clk 00:53:49]} {[%emt 00:02:13]} 16. Bc3 {[%clk
00:58:28]} {[%emt 00:00:19]} Re8 {[%clk 00:50:43]} {[%emt 00:03:35]} 17. Bd1
{[%clk 00:52:35]} {[%emt 00:06:24]} d5 {[%clk 00:42:02]} {[%emt 00:09:11]} 18.
Nd2 {[%clk 00:46:21]} {[%emt 00:06:44]} Nd4 {[%clk 00:31:30]} {[%emt 00:11:02]}
19. Bxd4 {[%clk 00:43:23]} {[%emt 00:03:28]} exd4 {[%clk 00:31:54]} {[%emt
00:00:06]} 20. Qf3 {[%clk 00:43:22]} {[%emt 00:00:31]} Qg5 {[%clk 00:18:05]}
{[%emt 00:14:19]} 21. Nb3 {[%clk 00:38:39]} {[%emt 00:05:13]} Rab8 {[%emt
00:24:17]} 22. a5 {[%clk 00:19:37]} {[%emt 00:00:04]} Rec8 {[%clk 00:07:38]}
{[%emt 00:06:37]} 23. c5 {[%clk 00:19:40]} {[%emt 00:00:27]} bxc5 {[%clk
00:07:57]} {[%emt 00:00:11]} 24. Nxc5 {[%clk 00:20:06]} {[%emt 00:00:05]} Rxb2
{[%clk 00:07:32]} {[%emt 00:00:55]} 25. Na4 {[%clk 00:15:49]} {[%emt 00:04:47]}
Bxa4 {[%clk 00:04:11]} {[%emt 00:03:51]} 26. Bxa4 {[%clk 00:14:34]} {[%emt
00:01:45]} h5 {[%clk 00:04:33]} {[%emt 00:00:09]} 27. Rfb1 {[%clk 00:09:47]}
{[%emt 00:05:16]} Rxb1+ {[%clk 00:03:51]} {[%emt 00:01:12]} 28. Rxb1 {[%clk
00:10:16]} {[%emt 00:00:02]} Rc1+ {[%clk 00:03:37]} {[%emt 00:00:43]} 29. Rxc1
{[%clk 00:10:43]} {[%emt 00:00:04]} Qxc1+ {[%clk 00:04:02]} {[%emt 00:00:04]}
30. Qd1 {[%clk 00:10:14]} {[%emt 00:00:59]} Qc3 {[%clk 00:04:30]} {[%emt
00:00:02]} 31. g3 {[%clk 00:09:36]} {[%emt 00:01:08]} Qxa5 {[%emt 00:03:43]} 32.
Qb3 {[%clk 00:05:06]} {[%emt 00:01:27]} Qc3 {[%clk 00:04:12]} {[%emt 00:01:08]}
33. Kg2 {[%clk 00:04:54]} {[%emt 00:00:42]} Qxb3 {[%clk 00:03:15]} {[%emt
00:01:27]} 34. Bxb3 {[%clk 00:05:23]} {[%emt 00:00:01]} Kf8 {[%clk 00:02:57]}
{[%emt 00:00:49]} 35. Bxd5 {[%clk 00:05:45]} {[%emt 00:00:08]} Ke7 {[%clk
00:03:01]} {[%emt 00:00:26]} 36. f4 {[%clk 00:03:43]} {[%emt 00:02:32]} a5
{[%clk 00:02:57]} {[%emt 00:00:34]} 37. Bb3 {[%emt 00:01:18]} f6 {[%clk
00:00:43]} {[%emt 00:01:30]} 38. Kf3 {[%clk 00:04:13]} {[%emt 00:00:26]} f5
{[%clk 00:00:59]} {[%emt 00:00:14]} 39. h4 {[%clk 00:02:24]} {[%emt 00:02:19]}
Bf8 {[%clk 00:01:11]} {[%emt 00:00:17]} 40. Ke2 {[%emt 00:00:26]} Kf6 {[%clk
00:01:16]} {[%emt 00:00:04]} 41. Kd1 {[%emt 00:00:25]} Bb4 {[%clk 00:01:12]}
{[%emt 00:00:20]} 42. Ba4 {[%emt 00:00:44]} Ke7 {[%clk 00:00:59]} {[%emt
00:00:07]} 43. Bb3 {[%emt 00:00:25]} Bd6 {[%emt 00:07:50]} 44. Ke2 {[%emt
00:09:39]} Bc7 {[%clk 00:22:35]} {[%emt 00:01:01]} 45. Ba4 {[%clk 00:25:08]}
{[%emt 00:00:21]} Bd6 {[%clk 00:21:00]} {[%emt 00:02:05]} 46. Ke1 {[%emt
00:01:20]} Ba3 {[%emt 00:05:26]} 47. Ke2 {[%clk 00:18:18]} {[%emt 00:02:37]}
Bb4 {[%clk 00:18:43]} {[%emt 00:01:44]} 48. Bb5 {[%clk 00:18:22]} {[%emt
00:00:26]} Bd6 {[%clk 00:18:23]} {[%emt 00:00:50]} 49. Ba4 {[%clk 00:18:35]}
{[%emt 00:00:17]} Bc7 {[%clk 00:18:38]} {[%emt 00:00:15]} 50. Bb5 {[%clk
00:18:36]} {[%emt 00:00:29]} Bd8 {[%clk 00:10:43]} {[%emt 00:08:24]} 51. Ba4
{[%clk 00:18:46]} {[%emt 00:00:20]} Kf8 {[%clk 00:10:56]} {[%emt 00:00:18]} 52.
Bb5 {[%clk 00:19:02]} {[%emt 00:00:14]} Bf6 {[%clk 00:11:19]} {[%emt 00:00:07]}
53. Ba4 {[%clk 00:19:26]} {[%emt 00:00:07]} Ke7 {[%clk 00:11:12]} {[%emt
00:00:36]} 54. Kd2 {[%clk 00:19:24]} {[%emt 00:00:32]} Bg7 {[%clk 00:11:09]}
{[%emt 00:00:33]} 55. Bb5 {[%clk 00:18:18]} {[%emt 00:01:36]} Kd8 {[%clk
00:10:32]} {[%emt 00:01:07]} 56. Ba4 {[%clk 00:17:33]} {[%emt 00:01:16]} Bf8
{[%clk 00:10:39]} {[%emt 00:00:23]} 57. Bb5 {[%clk 00:17:26]} {[%emt 00:00:36]}
Bd6 {[%clk 00:06:37]} {[%emt 00:04:32]} 58. Ke2 {[%clk 00:17:41]} {[%emt
00:00:15]} Ke7 {[%clk 00:05:20]} {[%emt 00:01:46]} 59. Ba4 {[%emt 00:01:03]}
Bc7 {[%clk 00:05:14]} {[%emt 00:00:02]} 60. Bb5 {[%clk 00:17:59]} {[%emt
00:00:15]} Bd8 {[%clk 00:03:06]} {[%emt 00:02:37]} 61. Ba4 {[%clk 00:18:18]}
{[%emt 00:00:11]} Bb6 {[%clk 00:02:24]} {[%emt 00:01:12]} 1/2-1/2